Cooperative peace in Asia

Guardat en:
Dades bibliogràfiques
Autor principal: Cooperative peace in Asia
Format: Llibre
Idioma:Undetermined
Publicat: New Delhi IDSA 1998
Matèries:
Etiquetes: Afegir etiqueta
Sense etiquetes, Sigues el primer a etiquetar aquest registre!
Thư viện lưu trữ: Trung tâm Học liệu Trường Đại học Cần Thơ
LEADER 00505nam a2200169Ia 4500
001 CTU_23019
008 210402s9999 xx 000 0 und d
082 |a 327 
082 |b C777 
100 |a Cooperative peace in Asia 
245 0 |a Cooperative peace in Asia 
245 0 |c Cooperative peace in Asia; Biên soạn: Jasjit Singh 
260 |a New Delhi 
260 |b IDSA 
260 |c 1998 
650 |a international relations,peace - research 
980 |a Trung tâm Học liệu Trường Đại học Cần Thơ